000 00599nam a2200241Ia 4500
003 OSt
005 20221005085038.0
006 a|||||r|||| 00| 0
007 ta
008 221004b |||||||| |||| 00| 0 eng d
024 _a49360
037 _cTextual
040 _aCRL
_cCRL
_beng
041 _2eng
_aeng
082 _aR50bN, K2
100 _aSantayana George
245 0 _aReason in art
260 _aNew York
_bCollier Books USA
_c1962
300 _a155p.
_ccm.
650 _aPHILOSOPHY
942 _hR50bN, K2
_cTEXL
_2cc
999 _c993538
_d993538